| 000 | 00672nam a2200265Ia 4500 | ||
|---|---|---|---|
| 005 | 20251020182459.0 | ||
| 008 | 200515s9999 xx 000 0 und d | ||
| 020 | _a950-02-5305-4 | ||
| 082 | _a624.93/V65 | ||
| 100 | _aVillasuso, Bernardo M. | ||
| 245 | 0 | _aEstructuras de Madera : Diseño/cálculo por computadora | |
| 260 | _aBuenos Aires | ||
| 260 | _bEl Ateneo | ||
| 260 | _c1993 | ||
| 300 | _a133 p. | ||
| 300 | _btbl., graf. | ||
| 490 | _aSERIE INGENIERIA Y ARQUITECTURA | ||
| 500 | _a1 ejemplar | ||
| 650 | _aCALCULO | ||
| 650 | _aDISEÑO DE ESTRUCTURAS | ||
| 650 | _aESTRUCTURAS DE MADERA | ||
| 650 | _aMADERA | ||
| 942 | _cLIB | ||
| 999 |
_c1118 _d1118 |
||